000 00534nam a2200193Ia 4500
005 20260120132023.0
008 008 260114s9999 xx 000 0 eng d
020 _a9780197714478
037 _aEBOOK
040 _aCRL
_beng
_cCRL
041 _aeng
_2eng
084 _qCRL
100 _aKaplan
_9933985
245 4 _aThe Making of the Jewish Middle Class
260 _bOxford University PressOxford University Press
_c2023
856 _uhttps://academic.oup.com/book/47859
942 _cEBOOK
999 _c1525908
_d1525908